000 00810nam a2200217Ii 4500
003 JO-AjNU
008 230605s9999||||xx |||||||||||||| ||und||
017 _a95/8693
020 _a977-212-013-5
040 _aJO-AjNU
_bara
_erda
_cJO-AjNU
041 _aara
050 1 4 _aBH39.M83.1996
100 3 _aسالم،محمد عزيز نظمي ,
_eauthor
_935523
245 0 0 _aقراءات في علم الجمال حول الإستطيقا النظرية والتطبيق=Reading of Aesthetics :Theoretical &Applied /الفن بين الدين والأخلاق، ج1
264 3 1 _aد.م :د.ن ،1996
300 _aج1، 82ص
336 _atext
_btxt
_2rdacontent
337 _aunmediated
_bn
_2rdamedia
338 _avolume
_bnc
_2rdacarrier
650 4 _aالجمال-علم-الفن-فلسفة-نقد
_935524
999 _aA14675
_c18243
_d18243